000 00597nam a2200169 a 4500
001 000044218
005 20201002045226.0
008 140610s2011 dr a 000 0 spa d
040 _aDO-SdBNP
_bspa
_cBNPHU
100 1 _aBáez Salazar, Emely
_972221
245 1 0 _aConversaciones con mi alma /
_cEmely Báez Salazar, Emil Enriquez Báez Salarar, José Enriquez Báez Ureña.
260 _aSanto Domingo :
_bImpretur,
_c2011.
300 _a98 p. :
_bil. ;
_c24 cm.
590 _aInventariado, 2018/ YL
700 1 _aBáez Salazar, Emil Enriquez
_972222
700 1 _aBáez Ureña, José Enriquez
_972223
999 _c43707
_d43707